[Event "Junior Online 4NCL Division 5"]
[Site "online"]
[Date "2020.05.28"]
[Round "7.98"]
[White "Lee, Isaac"]
[Black "Chen, Yourui"]
[Result "1-0"]
[WhiteElo "1240"]
[BlackElo "1270"]
[PlyCount "53"]
[EventDate "2020.05.28"]
[WhiteTeam "Cambridge Chess & Go B"]
[BlackTeam "Ojays G"]

1. e4 c5 2. c3 Nc6 3. Nf3 e5 4. Bc4 Nf6 5. d3 d5 6. exd5 Nxd5 7. Bxd5 Qxd5 8.
c4 Qd8 9. O-O Be7 10. Nc3 O-O 11. Re1 Bg4 12. Be3 f5 13. h3 Bxf3 14. Qxf3 Qxd3
15. Red1 Qc2 16. Rd2 e4 17. Qe2 Qxd2 18. Qxd2 Rad8 19. Qe2 f4 20. Bc1 f3 21.
gxf3 exf3 22. Qe6+ Kh8 23. Nd5 Bf6 24. Nxf6 Rxf6 25. Qg4 Rd1+ 26. Kh2 Ne5 27.
Qc8+ 1-0

[Event "Junior Online 4NCL Division 5"]
[Site "online"]
[Date "2020.05.28"]
[Round "7.101"]
[White "Jayakumar, Bharath"]
[Black "Howett, Alex"]
[Result "1-0"]
[WhiteElo "1255"]
[BlackElo "1142"]
[PlyCount "113"]
[EventDate "2020.05.28"]
[WhiteTeam "Harrow Juniors D"]
[BlackTeam "Warwickshire Bears F"]

1. d4 d5 2. c4 e6 3. Nc3 Nf6 4. Bf4 Nc6 5. a3 g6 6. Nf3 Bg7 7. e3 O-O 8. Be2
Bd7 9. O-O Qe7 10. Nb5 Rac8 11. Bxc7 a6 12. Bd6 Qe8 13. Bxf8 Bxf8 14. Nc3 Qe7
15. Qb3 Rb8 16. cxd5 exd5 17. Nxd5 Nxd5 18. Qxd5 Bg7 19. Qb3 Be6 20. d5 Na5 21.
Qb6 Qd8 22. Qxd8+ Rxd8 23. dxe6 fxe6 24. Rab1 Re8 25. b4 Nc6 26. b5 axb5 27.
Bxb5 Rd8 28. Ng5 Rd6 29. Bxc6 bxc6 30. Rb8+ Bf8 31. Nxh7 Kxh7 32. Rxf8 c5 33.
Rc8 Rd5 34. e4 Re5 35. f3 g5 36. h3 Kg6 37. g4 Kf6 38. a4 Ke7 39. a5 Kd7 40.
Rb8 Kc7 41. Rfb1 c4 42. a6 Rc5 43. a7 Ra5 44. a8=Q Rxa8 45. Rxa8 e5 46. Rg8 c3
47. Rxg5 c2 48. Rc1 Kb6 49. Rxc2 Kb5 50. h4 Kb4 51. Rxe5 Kb3 52. Rec5 Ka3 53.
h5 Kb3 54. h6 Ka3 55. Rb5 Ka4 56. Rb8 Ka3 57. Rc7 1-0

[Event "Junior Online 4NCL Division 5"]
[Site "online"]
[Date "2020.05.28"]
[Round "7.102"]
[White "Vora, Ravi"]
[Black "Rahman, Faraz"]
[Result "1-0"]
[WhiteElo "1150"]
[BlackElo "1202"]
[PlyCount "55"]
[EventDate "2020.05.28"]
[WhiteTeam "Warwickshire Bears F"]
[BlackTeam "Harrow Juniors D"]

1. e4 c6 2. Bc4 d5 3. Bb3 dxe4 4. Nc3 f5 5. Nge2 Nf6 6. O-O e6 7. a3 Be7 8. d3
exd3 9. cxd3 O-O 10. Nf4 Bd7 11. Bxe6+ Kh8 12. g3 Qc8 13. Bxd7 Qxd7 14. Re1 Qc7
15. Ne6 Qb6 16. Nxf8 Bxf8 17. Qf3 g6 18. Rb1 Bc5 19. Be3 Bxe3 20. Rxe3 Ng4 21.
Re8+ Kg7 22. Rbe1 Qxb2 23. Nb1 a6 24. h3 Nf6 25. R1e7+ Kh6 26. Qf4+ g5 27. Qxf5
Nxe8 28. Qxh7# 1-0

[Event "Junior Online 4NCL Division 5"]
[Site "online"]
[Date "2020.05.28"]
[Round "7.103"]
[White "Karjodkar, Praneeta"]
[Black "Johal, Amraya K"]
[Result "1-0"]
[WhiteElo "1232"]
[BlackElo "1075"]
[PlyCount "117"]
[EventDate "2020.05.28"]
[WhiteTeam "Harrow Juniors D"]
[BlackTeam "Warwickshire Bears F"]

1. e4 e5 2. Nf3 Nc6 3. Bc4 Nf6 4. Nc3 Bb4 5. a3 Bxc3 6. dxc3 Nxe4 7. O-O d6 8.
h3 Qf6 9. Bd5 Qg6 10. Nh4 Qf6 11. Bxe4 Qxh4 12. Qf3 Qd8 13. Qg3 d5 14. Bd3 e4
15. Bb5 Bd7 16. f3 a6 17. Ba4 Qf6 18. Bg5 Qe5 19. f4 Qf5 20. b4 h6 21. Bxc6
Bxc6 22. Qh4 f6 23. Qh5+ g6 24. Qh4 fxg5 25. fxg5 Qxg5 26. Qxg5 hxg5 27. Rf6
Rg8 28. Re1 O-O-O 29. Re3 Ba4 30. Rf2 Rdf8 31. Rxf8+ Rxf8 32. Re2 Bb5 33. Rd2
Rf1+ 34. Kh2 Rf8 35. Rxd5 c6 36. Rxg5 Rg8 37. Re5 Kd8 38. Rxe4 Re8 39. Rd4+ Kc8
40. Rg4 Be2 41. Rxg6 Bd3 42. cxd3 Re3 43. Rd6 Kc7 44. Rd4 b5 45. Kg1 Re2 46.
Kf1 Ra2 47. c4 Rxa3 48. cxb5 axb5 49. h4 Ra4 50. Re4 c5 51. bxc5 b4 52. h5 Ra1+
53. Re1 Rxe1+ 54. Kxe1 b3 55. Kd2 b2 56. Kc2 b1=Q+ 57. Kxb1 Kc6 58. h6 Kxc5 59.
h7 1-0

[Event "Junior Online 4NCL Division 5"]
[Site "online"]
[Date "2020.05.28"]
[Round "7.104"]
[White "Pal, Rhea"]
[Black "Valecha, Nikhil"]
[Result "0-1"]
[WhiteElo "985"]
[BlackElo "1277"]
[PlyCount "88"]
[EventDate "2020.05.28"]
[WhiteTeam "Warwickshire Bears F"]
[BlackTeam "Harrow Juniors D"]

1. e4 c5 2. Bc4 Nc6 3. Nc3 e6 4. Nf3 Nge7 5. d4 cxd4 6. Nxd4 Nxd4 7. Qxd4 d5 8.
exd5 exd5 9. Nxd5 Nxd5 10. Bxd5 Qa5+ 11. c3 Qd8 12. Qf4 Qxd5 13. c4 Qa5+ 14.
Bd2 Qa4 15. b3 Qa3 16. Bc1 Qe7+ 17. Qe3 Qxe3+ 18. Bxe3 g6 19. Bd4 Rg8 20. O-O-O
Bh6+ 21. Be3 Bxe3+ 22. fxe3 Bg4 23. Rd4 Bd7 24. Re4+ Be6 25. Rd1 Rd8 26. Rxd8+
Kxd8 27. Rd4+ Ke8 28. c5 Ke7 29. Kb2 Rd8 30. Rxd8 Kxd8 31. b4 Kd7 32. a3 b5 33.
a4 bxa4 34. Ka3 Bd5 35. Kxa4 f5 36. h3 Kc6 37. g4 fxg4 38. hxg4 Bf3 39. g5 h5
40. Kb3 h4 41. Kc4 h3 42. b5+ Kc7 43. c6 h2 44. Kc5 h1=Q 0-1

[Event "Junior Online 4NCL Division 5"]
[Site "online"]
[Date "2020.05.28"]
[Round "7.105"]
[White "Howett, Alex"]
[Black "Jayakumar, Bharath"]
[Result "0-1"]
[WhiteElo "1142"]
[BlackElo "1255"]
[PlyCount "58"]
[EventDate "2020.05.28"]
[WhiteTeam "Warwickshire Bears F"]
[BlackTeam "Harrow Juniors D"]

1. e4 c5 2. Bc4 d6 3. Nf3 Nf6 4. Nc3 e6 5. d3 Be7 6. Be3 O-O 7. Qd2 d5 8. exd5
exd5 9. Bb3 d4 10. Bxd4 cxd4 11. Nb5 Nc6 12. O-O a6 13. Na3 Bb4 14. Qd1 Bg4 15.
h3 Bh5 16. g4 Nxg4 17. hxg4 Bxg4 18. Kh1 Ne5 19. Qe2 Bxf3+ 20. Qxf3 Nxf3 21.
Rg1 Nxg1 22. Rxg1 Qh4+ 23. Kg2 Qg4+ 24. Kf1 Qh3+ 25. Ke2 Rfe8+ 26. Kd1 Qf3+ 27.
Kc1 Qxf2 28. Rh1 Re1+ 29. Rxe1 Qxe1# 0-1

[Event "Junior Online 4NCL Division 5"]
[Site "online"]
[Date "2020.05.28"]
[Round "7.106"]
[White "Rahman, Faraz"]
[Black "Vora, Ravi"]
[Result "0-1"]
[WhiteElo "1202"]
[BlackElo "1150"]
[PlyCount "104"]
[EventDate "2020.05.28"]
[WhiteTeam "Harrow Juniors D"]
[BlackTeam "Warwickshire Bears F"]

1. f3 d6 2. e4 e6 3. d3 Nc6 4. c4 Nf6 5. Nc3 Be7 6. Bg5 O-O 7. Bxf6 Bxf6 8. Be2
Bxc3+ 9. bxc3 Qf6 10. Nh3 Qxc3+ 11. Qd2 Qxd2+ 12. Kxd2 Nd4 13. Rhd1 e5 14. Ke1
Bxh3 15. gxh3 b5 16. cxb5 Nxb5 17. Kf2 Nd4 18. Rg1 Rab8 19. Rg2 g6 20. Rag1 Kg7
21. h4 Rb2 22. Re1 Rfb8 23. Kg1 Rxa2 24. Bd1 Rbb2 25. Rxb2 Rxb2 26. Rf1 Rb1 27.
f4 exf4 28. Kg2 f5 29. exf5 gxf5 30. Bh5 Rxf1 31. Kxf1 Nf3 32. Kg2 Nxh4+ 33.
Kh3 Nf3 34. Bxf3 Kf6 35. Kg2 a5 36. Bd1 Ke5 37. Ba4 Kd4 38. Kf2 Kxd3 39. Kf3
Kc3 40. Kxf4 Kb4 41. Kxf5 Kxa4 42. Ke6 Kb4 43. Kd7 a4 44. Kxc7 a3 45. Kxd6 a2
46. Ke7 a1=Q 47. Kf7 Qh1 48. Kg7 Qxh2 49. Kf7 h5 50. Ke7 h4 51. Kd7 Qg2 52. Kc7
h3 0-1

[Event "Junior Online 4NCL Division 5"]
[Site "online"]
[Date "2020.05.28"]
[Round "7.107"]
[White "Johal, Amraya K"]
[Black "Karjodkar, Praneeta"]
[Result "1-0"]
[WhiteElo "1075"]
[BlackElo "1232"]
[PlyCount "109"]
[EventDate "2020.05.28"]
[WhiteTeam "Warwickshire Bears F"]
[BlackTeam "Harrow Juniors D"]

1. e4 e5 2. Nc3 Nf6 3. Nf3 Bc5 4. Bc4 Ng4 5. O-O Nc6 6. Bb5 d6 7. Bxc6+ bxc6 8.
h3 Nf6 9. d3 h6 10. d4 exd4 11. Nxd4 Bxd4 12. Qxd4 c5 13. Qd2 Ba6 14. Re1 O-O
15. e5 dxe5 16. Qxd8 Raxd8 17. Rxe5 g5 18. Rxc5 Rfe8 19. Rc6 Re1+ 20. Kh2 g4
21. Rxa6 gxh3 22. Rxf6 hxg2 23. Kxg2 Rd4 24. Rxh6 Rg4+ 25. Kf3 Reg1 26. Rf6
R4g2 27. Ne2 Rxc1 28. Rxc1 Rh2 29. Ra6 Rh3+ 30. Ke4 Rh4+ 31. Ke3 Rh3+ 32. Kd2
Rh5 33. Rxa7 Rd5+ 34. Ke1 Rh5 35. Rxc7 Rh1+ 36. Kd2 Rh7 37. a4 Rh6 38. a5 Ra6
39. Ra1 Rd6+ 40. Kc3 Ra6 41. Nd4 Kg7 42. b4 Ra8 43. a6 Kg6 44. a7 f6 45. Rc8
Rxc8+ 46. Kb2 Ra8 47. b5 Rc8 48. a8=Q Rxa8 49. Rxa8 f5 50. b6 Kg5 51. b7 f4 52.
b8=Q Kg4 53. Qg8+ Kh3 54. Ra7 f3 55. Rh7# 1-0

[Event "Junior Online 4NCL Division 5"]
[Site "online"]
[Date "2020.05.28"]
[Round "7.108"]
[White "Valecha, Nikhil"]
[Black "Pal, Rhea"]
[Result "0-1"]
[WhiteElo "1277"]
[BlackElo "985"]
[PlyCount "108"]
[EventDate "2020.05.28"]
[WhiteTeam "Harrow Juniors D"]
[BlackTeam "Warwickshire Bears F"]

1. c4 d6 2. Nc3 e5 3. e3 c6 4. Nge2 d5 5. cxd5 cxd5 6. d4 e4 7. g3 Bg4 8. Bg2
Bb4 9. O-O Bxe2 10. Qxe2 Bxc3 11. bxc3 Nf6 12. Qb5+ Nbd7 13. Qxb7 O-O 14. c4
dxc4 15. Bxe4 Rb8 16. Qc6 Qe8 17. Ba3 Nxe4 18. Bxf8 Kxf8 19. Qxc4 Nd2 20. Qc1
Nxf1 21. Qxf1 g6 22. Rb1 Nf6 23. Rxb8 Qxb8 24. Qh3 Kg7 25. Qh4 Nd5 26. Qg5 Nc3
27. Qe5+ Qxe5 28. dxe5 Ne2+ 29. Kf1 Nc3 30. Ke1 Nxa2 31. Kd1 Nc3+ 32. Kd2 Nd5
33. e6 fxe6 34. Kd3 Nf6 35. Kd4 Ng4 36. f4 Nxh2 37. e4 Ng4 38. e5 h5 39. f5
gxf5 40. Kd3 Nxe5+ 41. Ke3 a5 42. Kd2 a4 43. Kc1 Nd3+ 44. Kb1 Kg6 45. g4 fxg4
46. Ka1 g3 47. Ka2 g2 48. Kb1 g1=Q+ 49. Ka2 Qb6 50. Ka3 Nc5 51. Ka2 Qb3+ 52.
Ka1 Qc3+ 53. Ka2 a3 54. Kb1 Qb2# 0-1

[Event "Junior Online 4NCL Division 5"]
[Site "online"]
[Date "2020.05.28"]
[Round "7.111"]
[White "Shahameeran, Ashika"]
[Black "Pitts, Daniel"]
[Result "1-0"]
[WhiteElo "1319"]
[BlackElo "1240"]
[PlyCount "195"]
[EventDate "2020.05.28"]
[WhiteTeam "St John's College B"]
[BlackTeam "Robin Hoods 4"]

1. e4 e5 2. Nf3 Nc6 3. Nc3 Nf6 4. d4 exd4 5. Nxd4 Nxd4 6. Qxd4 d5 7. exd5 Qe7+
8. Be3 Bf5 9. Bb5+ Nd7 10. O-O Qb4 11. Bxd7+ Bxd7 12. Qe5+ Be7 13. Qxg7 O-O-O
14. Qg3 Rhg8 15. Qf3 Qg4 16. Qxg4 Bxg4 17. Bxa7 Bh3 18. Rfe1 Bxg2 19. Rxe7 Bh3+
20. Kh1 Bg2+ 21. Kg1 Bxd5+ 22. Kf1 Bc4+ 23. Ne2 b6 24. Re4 Bd5 25. Ra4 Bg2+ 26.
Ke1 Bc6 27. Ra3 Rde8 28. Re3 Bb5 29. b3 Bxe2 30. Kxe2 Rxe3+ 31. Kxe3 Kb7 32. a4
Kxa7 33. a5 bxa5 34. Rxa5+ Kb6 35. Rf5 Re8+ 36. Kf3 Re7 37. c4 Kc6 38. Rh5 f6
39. b4 Re5 40. Rxh7 Rf5+ 41. Ke2 Rf4 42. b5+ Kb6 43. c5+ Kxb5 44. Rxc7 Re4+ 45.
Kf3 Rh4 46. Rb7+ Kxc5 47. Kg3 Rh5 48. Rf7 Rg5+ 49. Kh3 Rf5 50. Kg3 Kd4 51. Rd7+
Kc3 52. Rc7+ Kd2 53. f4 Ke1 54. Kg4 Rd5 55. Re7+ Kf2 56. Rf7 f5+ 57. Rxf5 Rd4
58. h4 Ke3 59. Re5+ Kd3 60. h5 Kc4 61. Kg5 Rd3 62. Re4+ Kd5 63. Re5+ Kd4 64.
Kg6 Rg3+ 65. Rg5 Rf3 66. f5 Ke5 67. h6 Kd6 68. h7 Rh3 69. Kg7 Ke7 70. h8=Q Rxh8
71. Kxh8 Kf6 72. Rg2 Kxf5 73. Ra2 Ke4 74. Ra3 Kd4 75. Kg7 Kc4 76. Kf6 Kb4 77.
Rh3 Kc4 78. Ke6 Kd4 79. Rg3 Kc5 80. Rg4 Kc6 81. Rg5 Kc7 82. Kd5 Kb6 83. Kc4 Kc6
84. Rg6+ Kd7 85. Kc5 Ke7 86. Kd5 Kf7 87. Re6 Kg7 88. Ke5 Kh7 89. Kf5 Kh8 90.
Re7 Kg8 91. Kf6 Kf8 92. Rb7 Ke8 93. Rh7 Kd8 94. Ke6 Kc8 95. Kd6 Kb8 96. Kc6 Ka8
97. Kb6 Kb8 98. Rh8# 1-0

[Event "Junior Online 4NCL Division 5"]
[Site "online"]
[Date "2020.05.28"]
[Round "7.112"]
[White "Asensio, Tomas"]
[Black "Lee, Krishna"]
[Result "1-0"]
[WhiteElo "1232"]
[BlackElo "1148"]
[PlyCount "53"]
[EventDate "2020.05.28"]
[WhiteTeam "Robin Hoods 4"]
[BlackTeam "St John's College B"]

1. d4 d5 2. Nc3 e6 3. Bf4 c5 4. Nb5 cxd4 5. Nc7+ Ke7 6. Nxa8 f6 7. Bxb8 e5 8.
Bxa7 Qa5+ 9. c3 Qxa7 10. Nc7 Qc5 11. Na8 Kf7 12. Nf3 Bd6 13. e3 dxe3 14. fxe3
Qxe3+ 15. Be2 Qa7 16. Qxd5+ Ke7 17. Bc4 Nh6 18. O-O-O Rd8 19. g4 Bxg4 20. Rhg1
Bh3 21. Rxg7+ Kf8 22. Rf7+ Ke8 23. Qxd6 Rxd6 24. Rxd6 Qxa8 25. Rxh7 Nf5 26.
Rh8+ Ke7 27. Rxa8 1-0

[Event "Junior Online 4NCL Division 5"]
[Site "online"]
[Date "2020.05.28"]
[Round "7.113"]
[White "Sequeira, Robert"]
[Black "Javed, Zain"]
[Result "1-0"]
[WhiteElo "1074"]
[BlackElo "1232"]
[PlyCount "29"]
[EventDate "2020.05.28"]
[WhiteTeam "St John's College B"]
[BlackTeam "Robin Hoods 4"]

1. e4 e5 2. Nf3 Nc6 3. Nc3 Bb4 4. a3 Bxc3 5. bxc3 Nf6 6. d3 d6 7. Be2 Be6 8.
Be3 O-O 9. O-O Qd7 10. c4 Nh5 11. Ng5 Qe7 12. Nxe6 Qxe6 13. Bxh5 Qf6 14. Bf3
Qh4 15. g3 1-0

[Event "Junior Online 4NCL Division 5"]
[Site "online"]
[Date "2020.05.28"]
[Round "7.114"]
[White "Griffiths, Dylan"]
[Black "Doddi, Sammy"]
[Result "0-1"]
[WhiteElo "1195"]
[BlackElo "1070"]
[PlyCount "54"]
[EventDate "2020.05.28"]
[WhiteTeam "Robin Hoods 4"]
[BlackTeam "St John's College B"]

1. e4 c6 2. Nf3 d5 3. exd5 cxd5 4. Nc3 Nf6 5. d4 Nc6 6. Bf4 Bg4 7. Bd3 e6 8.
Bb5 h6 9. Bxc6+ bxc6 10. Qe2 Bb4 11. O-O O-O 12. a3 Ba5 13. b4 Bb6 14. Rad1 a5
15. Rfe1 axb4 16. axb4 Nd7 17. Ra1 Qe7 18. h3 Bxf3 19. Qxf3 Bxd4 20. Qg3 Bxc3
21. Qxc3 Qf6 22. Qxf6 Nxf6 23. Rxa8 Rxa8 24. g4 Ra2 25. Rc1 Ne4 26. f3 Nc3 27.
Be5 Ne2+ 0-1

[Event "Junior Online 4NCL Division 5"]
[Site "online"]
[Date "2020.05.28"]
[Round "7.115"]
[White "Pitts, Daniel"]
[Black "Shahameeran, Ashika"]
[Result "0-1"]
[WhiteElo "1240"]
[BlackElo "1319"]
[PlyCount "44"]
[EventDate "2020.05.28"]
[WhiteTeam "Robin Hoods 4"]
[BlackTeam "St John's College B"]

1. e4 e5 2. Nf3 Nc6 3. Nc3 Nf6 4. Bc4 Be7 5. Ng5 O-O 6. h4 h6 7. Nf3 d6 8. g4
Bxg4 9. Rg1 Nd4 10. Rxg4 Nxg4 11. Nxd4 Bxh4 12. Qxg4 exd4 13. Nd5 c6 14. Nf4
Qf6 15. d3 d5 16. Bb3 dxe4 17. dxe4 Rae8 18. Bd2 Rxe4+ 19. Kf1 g5 20. Nh3 Rxg4
21. c3 Qf3 22. Ng1 Qxf2# 0-1

[Event "Junior Online 4NCL Division 5"]
[Site "online"]
[Date "2020.05.28"]
[Round "7.116"]
[White "Lee, Krishna"]
[Black "Asensio, Tomas"]
[Result "1-0"]
[WhiteElo "1148"]
[BlackElo "1232"]
[PlyCount "165"]
[EventDate "2020.05.28"]
[WhiteTeam "St John's College B"]
[BlackTeam "Robin Hoods 4"]

1. e4 d6 2. d4 Nf6 3. Nc3 Nbd7 4. Nf3 e5 5. d5 Be7 6. Bb5 c6 7. dxc6 bxc6 8.
Bxc6 Qc7 9. Bxa8 h6 10. O-O Nf8 11. Nd5 Qd8 12. Nxe7 Qxe7 13. Re1 g5 14. h3 Ng6
15. Qd3 g4 16. hxg4 Bxg4 17. Bc6+ Kf8 18. Bd2 Nf4 19. Bxf4 exf4 20. e5 Nh5 21.
exd6 Qf6 22. Re8+ Kg7 23. Rxh8 Kxh8 24. Qc3 Qxc3 25. bxc3 Ng7 26. d7 Ne6 27.
Rd1 Nd8 28. Re1 Nxc6 29. d8=Q+ Nxd8 30. Re8+ Kg7 31. Rxd8 Be6 32. Ne5 Bxa2 33.
c4 Bb1 34. Rd3 Bxc2 35. Rc3 Bf5 36. c5 Kf6 37. Nc6 a6 38. Na7 Ke5 39. c6 Kd4
40. Rc1 Kd3 41. c7 Kd2 42. c8=Q Bxc8 43. Rxc8 a5 44. Nb5 a4 45. Ra8 Kd3 46.
Rxa4 h5 47. Rxf4 Kc2 48. Rd4 Kb3 49. Nd6 f6 50. Nf7 f5 51. Kf1 h4 52. Rd8 Kc4
53. Ke2 Kc3 54. Rd7 Kc4 55. Ke3 Kb4 56. Rc7 f4+ 57. Kd3 f3 58. Rc4+ Kb5 59.
gxf3 h3 60. Rh4 h2 61. Rxh2 Kc5 62. Rh8 Kd5 63. Re8 Kc5 64. Rd8 Kc6 65. Ke4 Kc5
66. f4 Kc6 67. Ke5 Kc7 68. Rd1 Kc8 69. Ke6 Kc7 70. f5 Kc8 71. Ke7 Kc7 72. Rc1+
Kb6 73. Kd7 Kb5 74. Kd6 Kb4 75. Kd5 Kb3 76. Kd4 Kb2 77. Rc8 Kb1 78. Kd3 Kb2 79.
f3 Kb1 80. Kd2 Kb2 81. Rb8+ Ka1 82. Kc2 Ka2 83. Ra8# 1-0

[Event "Junior Online 4NCL Division 5"]
[Site "online"]
[Date "2020.05.28"]
[Round "7.117"]
[White "Javed, Zain"]
[Black "Sequeira, Robert"]
[Result "0-1"]
[WhiteElo "1232"]
[BlackElo "1074"]
[PlyCount "58"]
[EventDate "2020.05.28"]
[WhiteTeam "Robin Hoods 4"]
[BlackTeam "St John's College B"]

1. e4 e5 2. Nf3 Nc6 3. Bc4 h6 4. Nc3 Nf6 5. d3 Be7 6. Be3 O-O 7. O-O d6 8. Qd2
Ng4 9. h3 Nxe3 10. Qxe3 Bf6 11. Rae1 Nd4 12. Nxd4 exd4 13. Qf4 dxc3 14. bxc3
Bxc3 15. Rc1 Be5 16. Qe3 Bf6 17. e5 dxe5 18. Qg3 Bf5 19. Rce1 Re8 20. Re3 e4
21. dxe4 Rxe4 22. Bd3 Rxe3 23. Qxe3 Bxd3 24. Rd1 Qe8 25. Qxd3 Rd8 26. Qf1 Rxd1
27. Qxd1 Qc6 28. Qe1 b5 29. Qe8+ Qxe8 0-1

[Event "Junior Online 4NCL Division 5"]
[Site "online"]
[Date "2020.05.28"]
[Round "7.118"]
[White "Doddi, Sammy"]
[Black "Griffiths, Dylan"]
[Result "0-1"]
[WhiteElo "1070"]
[BlackElo "1195"]
[PlyCount "122"]
[EventDate "2020.05.28"]
[WhiteTeam "St John's College B"]
[BlackTeam "Robin Hoods 4"]

1. d4 d5 2. Nf3 Nc6 3. Nc3 Nf6 4. Bg5 Bf5 5. e3 e6 6. Bb5 a6 7. Be2 h6 8. Bh4
g5 9. Bg3 Qd7 10. h3 Bd6 11. Bxd6 Qxd6 12. O-O O-O-O 13. Ne5 Nxe5 14. dxe5 Qxe5
15. Qd4 Qxd4 16. exd4 Bxc2 17. Rac1 Bg6 18. g4 Rhe8 19. f4 gxf4 20. Rxf4 Ne4
21. Nxe4 dxe4 22. h4 Rxd4 23. h5 Bh7 24. Rxf7 Bg8 25. Rfxc7+ Kb8 26. R7c4 Rxc4
27. Rxc4 b5 28. Rxe4 Rc8 29. Bf3 Ka7 30. Rd4 e5 31. Rd7+ Kb6 32. Bd5 Bxd5 33.
Rxd5 Rg8 34. Rd6+ Kc5 35. Rxh6 Rxg4+ 36. Kf2 e4 37. Rh8 Rf4+ 38. Ke3 Rh4 39.
Rc8+ Kd5 40. Rh8 Rh3+ 41. Kf4 Kd4 42. h6 e3 43. h7 e2 44. Rd8+ Kc5 45. h8=Q
Rxh8 46. Rxh8 e1=Q 47. Rc8+ Kd4 48. Rd8+ Kc5 49. Rc8+ Kb4 50. a3+ Kb3 51. Rc3+
Kxb2 52. Re3 Qf1+ 53. Rf3 Qc4+ 54. Kg3 Kc2 55. Rf2+ Kd1 56. Rf1+ Qxf1 57. Kh4
Qg1 58. a4 bxa4 59. Kh5 Ke2 60. Kh4 Kf3 61. Kh3 Qg3# 0-1

[Event "Junior Online 4NCL Division 5"]
[Site "online"]
[Date "2020.05.28"]
[Round "7.121"]
[White "Santhosh, Alwis Joe"]
[Black "He, Tom Junde"]
[Result "0-1"]
[WhiteElo "1217"]
[BlackElo "1397"]
[PlyCount "124"]
[EventDate "2020.05.28"]
[WhiteTeam "Ojays H"]
[BlackTeam "St Mary's Harborne"]

1. e4 e5 2. Nf3 Nc6 3. Bc4 h6 4. Nc3 Bc5 5. d3 d6 6. h3 Nf6 7. Be3 Nd4 8. O-O
Nxf3+ 9. Qxf3 Bxe3 10. fxe3 O-O 11. d4 Be6 12. Bb3 exd4 13. exd4 c6 14. d5 cxd5
15. exd5 Bd7 16. Rad1 Re8 17. Rfe1 Qb6+ 18. Kh1 Rxe1+ 19. Rxe1 Re8 20. Rf1 Re3
21. Qf2 Re5 22. Qf3 Kf8 23. Nd1 Rf5 24. Qe2 Rxf1+ 25. Qxf1 Qc5 26. Nc3 a6 27.
a3 b5 28. Qd3 a5 29. Ne4 Nxe4 30. Qxe4 a4 31. Ba2 g6 32. Bb1 Bf5 33. Qh4 Kg7
34. Qe1 Qxd5 35. Qc3+ Kg8 36. Qe1 Bxh3 37. Qe8+ Kg7 38. Qe2 Be6 39. Qe1 Qc6 40.
c3 Bd5 41. Qf2 Qc5 42. Qf1 Bc4 43. Qe1 Qh5+ 44. Kg1 Qg5 45. Be4 Qe7 46. Kf2
Qh4+ 47. g3 Qf6+ 48. Bf3 Bd5 49. Qe2 Bxf3 50. Qxf3 Qxf3+ 51. Kxf3 Kf6 52. Kf4
d5 53. Ke3 Ke5 54. Kf3 h5 55. Ke3 g5 56. Kf3 g4+ 57. Ke3 f5 58. Kf2 f4 59. Kg2
f3+ 60. Kf2 Ke4 61. Kf1 Ke3 62. Kg1 Ke2 0-1

[Event "Junior Online 4NCL Division 5"]
[Site "online"]
[Date "2020.05.28"]
[Round "7.122"]
[White "Howett, Ralphie"]
[Black "Wang, Yile"]
[Result "0-1"]
[WhiteElo "1217"]
[BlackElo "1127"]
[PlyCount "40"]
[EventDate "2020.05.28"]
[WhiteTeam "St Mary's Harborne"]
[BlackTeam "Ojays H"]

1. e4 e5 2. Nf3 Nc6 3. Nc3 Bc5 4. Bc4 Nf6 5. d3 d5 6. exd5 Nd4 7. Nxe5 Qe7 8.
Bf4 Ng4 9. Qxg4 Bxg4 10. f3 f6 11. O-O-O fxe5 12. Bg3 Qg5+ 13. Kb1 Nxf3 14.
gxf3 Bxf3 15. Rdf1 Bxh1 16. Rxh1 O-O-O 17. d6 cxd6 18. Be6+ Kc7 19. Nb5+ Kc6
20. Nxa7+ Bxa7 0-1

[Event "Junior Online 4NCL Division 5"]
[Site "online"]
[Date "2020.05.28"]
[Round "7.123"]
[White "Rivera Machens, Rafael"]
[Black "Madoc, Arthur"]
[Result "1-0"]
[WhiteElo "1067"]
[BlackElo "1262"]
[PlyCount "129"]
[EventDate "2020.05.28"]
[WhiteTeam "Ojays H"]
[BlackTeam "St Mary's Harborne"]

1. e4 e5 2. Nf3 Nc6 3. Bc4 Nf6 4. d3 b6 5. Bg5 Bb7 6. Nc3 h6 7. Bh4 Be7 8. O-O
O-O 9. Qd2 a6 10. Bd5 Nxd5 11. Bxe7 Ndxe7 12. Nd5 Nxd5 13. exd5 Nd4 14. Nxd4
exd4 15. Qb4 Qf6 16. Qc4 c6 17. dxc6 Bxc6 18. Rfe1 Qg6 19. f3 Bxf3 20. g3 b5
21. Qxd4 Qc6 22. Re3 Bh5 23. Re7 d6 24. Rae1 Qxc2 25. Qf2 Qxd3 26. R7e3 Qc4 27.
Re4 Qxa2 28. Rd4 Rad8 29. Rh4 Bg6 30. Qd2 Kh7 31. Rd4 d5 32. Re5 Qb1+ 33. Re1
Qa2 34. Re5 Be4 35. Rh5 Rd7 36. Rxe4 Qb1+ 37. Re1 Qg6 38. Rxd5 Rxd5 39. Qxd5
Qb6+ 40. Kg2 Rd8 41. Qe4+ g6 42. Qe7 Kg7 43. Qe5+ Qf6 44. Qxf6+ Kxf6 45. Ra1
Rd2+ 46. Kf3 Rxb2 47. Rxa6+ Ke5 48. Ra8 b4 49. Re8+ Kf6 50. Rh8 Kg7 51. Rb8 Kf6
52. Rb6+ Ke5 53. Rb5+ Kd4 54. Rb6 b3 55. h4 Rb1 56. Ke2 Kc3 57. g4 Rc1 58. Rc6+
Kb2 59. Rb6 Rc2+ 60. Kd3 Kc1 61. Rxb3 Rh2 62. Rc3+ Kd1 63. Rc7 Rxh4 64. Rxf7
Rxg4 65. Rf1# 1-0

[Event "Junior Online 4NCL Division 5"]
[Site "online"]
[Date "2020.05.28"]
[Round "7.124"]
[White "Mykhnenko, Marijka"]
[Black "Terrado, Rhianne"]
[Result "0-1"]
[WhiteElo "1015"]
[BlackElo "1120"]
[PlyCount "68"]
[EventDate "2020.05.28"]
[WhiteTeam "St Mary's Harborne"]
[BlackTeam "Ojays H"]

1. e4 e5 2. Nf3 Nc6 3. Nc3 Nf6 4. Bc4 h6 5. d3 Bc5 6. Bd2 d6 7. h3 Bb6 8. a3 a6
9. Nd5 Nxd5 10. Bxd5 Bd7 11. O-O Qe7 12. Nh2 O-O-O 13. Qe1 Nd4 14. Rc1 Nc6 15.
Ba5 Bxa5 16. Qe3 Bb6 17. Qf3 Rhf8 18. Ng4 h5 19. Ne3 Nd4 20. Qxh5 g6 21. Qd1 f5
22. c3 Nc6 23. Nc4 Ba7 24. Qb3 fxe4 25. Na5 Nxa5 26. Qb4 Bb6 27. dxe4 Nc6 28.
Bxc6 Bxc6 29. c4 Qh4 30. Rc2 Bxe4 31. Rd2 Qg5 32. g4 Qh4 33. Qc3 Rf3 34. Qxf3
Bxf3 0-1

[Event "Junior Online 4NCL Division 5"]
[Site "online"]
[Date "2020.05.28"]
[Round "7.125"]
[White "He, Tom Junde"]
[Black "Santhosh, Alwis Joe"]
[Result "1-0"]
[WhiteElo "1397"]
[BlackElo "1217"]
[PlyCount "77"]
[EventDate "2020.05.28"]
[WhiteTeam "St Mary's Harborne"]
[BlackTeam "Ojays H"]

1. e4 e5 2. Nf3 Nc6 3. Bc4 Bc5 4. d3 h6 5. Nc3 Nf6 6. O-O d6 7. Ne2 Bg4 8. Ng3
Nd4 9. c3 Nxf3+ 10. gxf3 Bh3 11. Re1 c6 12. Qb3 O-O 13. Be3 Bb6 14. a3 Nd7 15.
d4 exd4 16. cxd4 c5 17. d5 Re8 18. Qc3 Ne5 19. Bd2 Qf6 20. f4 Nxc4 21. Qxc4
Qxb2 22. Bc3 Qc2 23. Ra2 Qxa2 24. Qxa2 Re7 25. f5 Rae8 26. f3 c4+ 27. Kh1 Rc7
28. Ne2 Be3 29. Ng1 Bb6 30. Nxh3 Be3 31. Rxe3 f6 32. Qg2 g5 33. Bxf6 Rf7 34.
Bd4 b6 35. f4 Kh7 36. fxg5 hxg5 37. Nxg5+ Kg8 38. Ne6+ Kh7 39. Rh3# 1-0

[Event "Junior Online 4NCL Division 5"]
[Site "online"]
[Date "2020.05.28"]
[Round "7.126"]
[White "Wang, Yile"]
[Black "Howett, Ralphie"]
[Result "1-0"]
[WhiteElo "1127"]
[BlackElo "1217"]
[PlyCount "43"]
[EventDate "2020.05.28"]
[WhiteTeam "Ojays H"]
[BlackTeam "St Mary's Harborne"]

1. e4 e5 2. Nf3 Nc6 3. Bc4 Nf6 4. Nc3 Bc5 5. d3 d6 6. Bg5 Bg4 7. Qd2 O-O 8.
O-O-O Nb4 9. h3 Bxf3 10. gxf3 h6 11. Bxh6 gxh6 12. Rhg1+ Kh7 13. Rg3 c6 14.
Rdg1 Nh5 15. Rg4 d5 16. exd5 cxd5 17. Nxd5 Nxa2+ 18. Kd1 Bxf2 19. Qxf2 a6 20.
Qh4 Qc8 21. Nf6+ Kh8 22. Qxh5 1-0